000 00613nam a2200253 a 4500
001 nice12345678
003 IN_TiNIC
005 20260116014003.0
008 050524s1979 newa grp 000 0 eng
020 _a0679532
_c347
082 0 0 _a273.1
_bPAG
100 _aPagles, Elaine
245 _aGnostic Gospels
260 _aNew York
_bVintage Books
_c1979
300 _a182p.
500 _aincludes index and biblioraphy
505 2 _aIndex of author
650 _aGnosticism
650 _aApocryphal Gospels
700 1 _aPagles, Elaine
902 _bSRS
942 _cBK
999 _c13383
_d13383